000 00708nam a2200289Ia 4500
005 20260324130019.0
008 008 260324s9999 xx 000 0 eng d
020 _a9781315425610
037 _aEBOOK
040 _aCRL
040 _beng
040 _cCRL
041 _2eng
041 _aeng
084 _qCRL
100 _aAngele Smith; Amy Gazin-Schwartz
_91180194
245 0 _aLandscapes of Clearance
245 0 _bArchaeological and Anthropological Perspectives
260 _bTaylor and Francis
260 _c2008
365 _a
365 _b240
856 _uhttp://www.taylorfrancis.com/books/9781315425610
942 _cEBOOK
999 _c1775942
_d1775942